000 00317nam a2200109Ia 4500
008 180205s9999 xx 000 0 und d
020 _a9710830724
100 _aTomeldan, Yolanda V.
245 _aPRISM :
_ban introduction to literature
260 _aMandaluyong City
_bNational book store
_c1986
300 _av,793 pages
999 _c354687
_d354687